00754nam a22002297a 4500001001000000003000900010005001700019007001000036008003000046020001800076040002200094082002800116100002200144245010100166260005200267300004300319490002700362650003400389650003400423650003200457700003500489000024991DO-SdBNP20240703115737.0000024991160609b2010 sp a 00| 0 spa d a9788408092650 aBPMSUbspacBPMSU 4a853.92bD158s 20102221 aDami, Elisabetta 10a¡Salvemos a la ballena blanca! /cElisabetta Dami ; ilustraciones de Ricardo Sisti...[y otros] aBarcelona : bDestino Infantil & Juvenil,c2010 avarias paginaciones :bil. ; c21 cm. 0 aHumor y aventura,v40  4aCuentos infantiles italianos  4aEcologia vCuentos infantiles 4aRatos vCuentos infantiles 1 aSisti, Ricardoeilustración